| 000 | 00693nam a22002177a 4500 | ||
|---|---|---|---|
| 999 |
_c14545 _d14545 |
||
| 003 | AR-CdUCM | ||
| 008 | 190423b ||||| |||| 00| 0 spa d | ||
| 020 | _a978-84-683-1207-1 | ||
| 040 |
_aMUNICIPALIDAD PROVINCIAL DEL CUSCO _cBIBLIOTECA MUNICIPAL DEL CUSCO |
||
| 082 |
_aEP / 808.06 / _bN29 |
||
| 100 |
_aNavarro Duran, Rosa _925823 |
||
| 245 | _aLa vida y obra de Don Bosco contada a los niños / | ||
| 260 |
_aBarcelona : _bEbebe, _c2014. |
||
| 300 |
_a41 páginas ; _c28 cm. _bIlustración, |
||
| 650 |
_aVida _9884 |
||
| 650 |
_aObra _91250 |
||
| 650 |
_aDon Bosco _922840 |
||
| 700 |
_aVila Delclós, Jordi (Ilustración) _933353 |
||
| 942 |
_2ddc _cLIBROS |
||
| 945 |
_arah _d23/04/2019 |
||